Statistics for Malawi Districts (Map)

Click here to take the quiz!

General Stats

  • This quiz has been taken 43 times
  • The average score is 13 of 34

Answers on the Map

Answers color-coded by a green-red scale on the quiz's map according to % correct below.
 

Answer Stats

District% Correct
Lilongwe
75%
Chitipa
63%
Dowa
63%
Kasungu
63%
Mzuzu
63%
Nkhata Bay
63%
Nkhotakota
63%
Salima
63%
Zomba
63%
Balaka
50%
Dedza
50%
Karonga
50%
Mangochi
50%
Mwanza
50%
Ntchisi
50%
Blantyre
38%
Chikwawa
38%
Mulanje
38%
Rumphi
38%
Chiradzulu
25%
Lilongwe Rural
25%
Machinga
25%
Mchinji
25%
Mzimba
25%
Neno
25%
Nsanje
25%
Ntcheu
25%
Phalombe
25%
Thyolo
25%
Blantyre Rural
13%
Likoma
13%
Likoma
13%
Likoma
13%
Zomba Rural
13%

Score Distribution

Percentile by Number Answered

Percent of People with Each Score

Your Score History

You have not taken this quiz